Мянган эрийн сэтгэл булаасан бүсгүй (Бичлэгийн дугаар. 1060150)

MARC дэлгэрэнгүй
000 -Удирдлага
Ном зүйн бүртгэл тоо буюу кодлох утгыг агуулсан 00859nam a22002177a 4500
008 - ЕРӨНХИЙ МЭДЭЭЛЭЛ-ЭЛЕМЕНТҮҮДИЙН ӨГӨГДЛИЙН УРТ
fixed length control field 240702b mp ||||| |||| 00| 0 mon d
035 ## - СИСТЕМИЙН ХЯНАЛТЫН ДУГААР
Системийн хяналтын дугаар 1218
040 ## - ЭХ СУРВАЛЖИЙГ ТОДОРХОЙЛОН БИЧИХ
Анхны каталогийн байгууллага SU1322070
Каталогийн хэл Монгол
Бичлэг хийж нэвтрүүлэх байгууллага MN-UlNLM
Өөрчлүүлэх байгууллага MN-UlNLM
Бичиглэлийн тодорхойлолт rda
041 ## - ХЭЛНИЙ КОД
Текстийн хэлний код/фонограм буюу салангид гарчиг Монгол
042 ## - AUTHENTICATION CODE
Authentication code 1304
084 ## - БУСАД АНГИЛЛЫН ДУГААР
Ангиллын нэр Номын сан номзүйн ангилал
Анги 84
Зохиогчийн 3-н тэмдэгт Ч-205
100 ## - ЗОХИОГЧИЙН ХЭСЭГ
Зохиогчийн нэр Чандар К.
245 #0 - ҮНДСЭН ГАРЧИГ
Гарчиг Мянган эрийн сэтгэл булаасан бүсгүй
264 ## - ГАРАЛТЫН МЭДЭЭ
Хэвлэгдсэн газар Улаанбаатар
Бүтээгч, хэвлэгч, түгээгч, үйлдвэрлэгчийн нэр Адмон ХХК
Хэвлэгдсэн он 2003
300 ## - ТООНЫ МЭДЭЭ
Хуудасны тоо 107х.
336 ## - АГУУЛГЫН ТӨРӨЛ
Нөөц rdacontent
Агуулгын төрлийн нөхцөл text
Агуулгын төрлийн код txt
337 ## - MEDIA TYPE
Эх сурвалж rdamedia
Файлын төрөл unmediated
Файлын код n
338 ## - CARRIER TYPE
Source rdacarrier
Carrier type term volume
Carrier type code nc
650 ## - Сэдэв
Сэдэв "Мянган эрийн сэтгэлийг булаасан бүсгүй" цуврал романуудыг гаргаж байгаадаа бид нэн их баяртай байна. Учир нь залуу халуун насн...
942 ## - ЭЛЕМЕНТИЙН ТӨРӨЛ
Анги Номын сан номзүйн ангилал
Төрөл Ном
Захиалгууд
Буцаан татагдсан төлөв Хасагдсан шалтгаан Гэмтсэн төлөв Данс заагч Захиалах боломжгүй Үндсэн номын сан Одоогийн байршил Салбар танхим Салбар танхим Бүртгэсэн огноо Тавиурын заалт Баркод Үнэ Хамгийн сүүлд байсан огноо Нийт уншлаганд гарсан тоо Дансны дугаар Төрөл
          Сүхбаатар аймаг Сүхбаатар аймаг Сүхбаатар | Үндсэн сан хөмрөг Сүхбаатар | Үндсэн сан хөмрөг 2024-07-02 84 Ч-205 SU1321218-1-1 2700.00 2024-07-02   35670 Ном
          Сүхбаатар аймаг Сүхбаатар аймаг Сүхбаатар | Үндсэн сан хөмрөг Сүхбаатар | Үндсэн сан хөмрөг 2024-07-02 84 Ч-205 SU1321218-1-2 2700.00 2024-07-02   35669 Ном
          Сүхбаатар аймаг Сүхбаатар аймаг Сүхбаатар | Гэрээр ном олгох танхим Сүхбаатар | Гэрээр ном олгох танхим 2024-07-02 84 Ч-205 SU1321218-2-1 2700.00 2024-07-02   35671 Ном
          Сүхбаатар аймаг Сүхбаатар аймаг Сүхбаатар | Гэрээр ном олгох танхим Сүхбаатар | Гэрээр ном олгох танхим 2024-07-02 84 Ч-205 SU1321218-2-2 2700.00 2024-07-02   35672 Ном